| 000 | 00820nam a22002651 4500 | ||
|---|---|---|---|
| 001 | 134726 | ||
| 003 | ES-MaACL | ||
| 005 | 20230906194731.0 | ||
| 007 | t| | ||
| 008 | 070913s1967 sp ||||0| spa d | ||
| 016 | 7 | _zIND2000944910 | |
| 040 |
_aM-BN _bspa _cCDM |
||
| 080 | _a9(=924):940.42 | ||
| 080 | _a940.42:9(=924) | ||
| 080 | _a321.12(=924)"19" | ||
| 100 | 1 |
_aWiesenthal, Simon. _9116780 |
|
| 245 | 1 | 4 |
_aLos asesinos entre nosotros _b: memorias / _cSimón Wiesenthal ; [traducción María Luisa Borrás]. |
| 250 | _a1ª ed. | ||
| 260 |
_aBarcelona : _bNoguer, _c[1967] |
||
| 300 |
_a347 p. : _bil. ; _c22 cm. |
||
| 650 | 1 | 4 |
_aGuerra mundial, 1939-1945. _913228 |
| 650 | 4 |
_aJudíos- _zEuropa- _y1939-1945. _913988 |
|
| 700 | 1 |
_aBorràs, Maria Lluïsa. _9146592 |
|
| 852 |
_aES-MaACL _jC-32314 _bR.62538 |
||
| 999 |
_c134726 _d134726 |
||